[Event "2024 Newport Major"]
[Site "Newport"]
[Date "2024.08.16"]
[Round "1.7"]
[White "Jones, Steve"]
[Black "Swamy, Anshul"]
[Result "1/2-1/2"]
[WhiteElo "1812"]
[BlackElo "1669"]
[PlyCount "78"]
[EventDate "2024.08.16"]

1. d4 d5 2. Nc3 Nf6 3. Bf4 a6 4. e3 Bf5 5. f3 e6 6. g4 Bg6 7. h4 h6 8. Bd3 Bxd3 9. Qxd3 Bd6 10. Nge2 c5 11. Bxd6 c4 12. Qd2 Qxd6 13. O-O-O h5 14. g5 Nfd7 15. e4 b5 16. exd5 exd5 17. Nf4 Nb6 18. Qe3+ Kd7 19. Rhe1 Nc6 20. Nce2 Rhe8 21. Qd2 g6 22. Kb1 a5 23. c3 b4 24. Ng2 Na4 25. Qc2 Nb6 26. f4 a4 27. cxb4 Nxb4 28. Qd2 Nd3 29. Rf1 a3 30. b3 Reb8 31. Nc1 Nb2 32. Rde1 Rc8 33. Rf3 Re8 34. Re5 f6 35. gxf6 Qxf6 36. Rfe3 cxb3 37. Rxe8 Rxe8 38. Rxe8 bxa2+ 39. Kxa2 Kxe8 1/2-1/2

[Event "2024 Newport Major"]
[Site "Newport"]
[Date "2024.08.17"]
[Round "2.12"]
[White "Swamy, Anshul"]
[Black "Loog, Tiiu"]
[Result "0-1"]
[WhiteElo "1669"]
[BlackElo "1764"]
[PlyCount "54"]
[EventDate "2024.08.16"]

1. e4 c5 2. Nc3 g6 3. d4 cxd4 4. Qxd4 Nf6 5. Nf3 Nc6 6. Qd1 d6 7. Bb5 Bd7 8. O-O a6 9. Bxc6 Bxc6 10. Re1 Bg7 11. Bf4 O-O 12. e5 Bxf3 13. Qxf3 dxe5 14. Bxe5 b5 15. Rad1 Qb6 16. Bd4 Qc7 17. Be5 Qc5 18. Bd4 Qb4 19. b3 Rad8 20. Qe3 Ng4 21. Qf4 Rxd4 22. Rxd4 Qxd4 23. Qxd4 Bxd4 24. Nd1 Bc5 25. Re4 Nf6 26. Re2 Rd8 27. Re1 Rd2 0-1

[Event "2024 Newport Major"]
[Site "Newport"]
[Date "2024.08.17"]
[Round "3.16"]
[White "Sibborn, Dale"]
[Black "Swamy, Anshul"]
[Result "1-0"]
[WhiteElo "1766"]
[BlackElo "1669"]
[PlyCount "105"]
[EventDate "2024.08.16"]

1. e4 c5 2. Nf3 d6 3. d4 cxd4 4. Nxd4 Nf6 5. Bd3 g6 6. c3 Nc6 7. Bg5 Nxd4 8. cxd4 Qb6 9. Qd2 Bd7 10. d5 Bb5 11. Be3 Qa6 12. Bxb5+ Qxb5 13. Nc3 Qc4 14. Qe2 Qxe2+ 15. Kxe2 a6 16. f3 Bg7 17. Rac1 Nd7 18. b3 Rc8 19. Na4 O-O 20. Nb6 Nxb6 21. Bxb6 Bb2 22. Rc4 Ba3 23. Rd1 Rxc4 24. bxc4 Rc8 25. Kd3 Kg7 26. Rb1 e6 27. Be3 Rc7 28. Rb3 Bc5 29. Bxc5 dxc5 30. d6 Rd7 31. e5 f5 32. f4 h5 33. a4 g5 34. g3 Kg6 35. Ke3 g4 36. Rb1 h4 37. Rh1 Rd8 38. Rb1 Rd7 39. a5 Kh6 40. Rd1 Kg6 41. Rd2 Kh5 42. Rd5 exd5 43. cxd5 Kg6 44. Kd3 Rd8 45. Kc4 Rc8 46. d7 Rd8 47. e6 Kf6 48. Kxc5 Ke7 49. Kb6 Kd6 50. Kxb7 Kxd5 51. Kc7 Kxe6 52. Kxd8 Kd6 53. Kc8 1-0

[Event "2024 Newport Major"]
[Site "Newport"]
[Date "2024.08.18"]
[Round "4.16"]
[White "Swamy, Anshul"]
[Black "Balfe, Andrew"]
[Result "0-1"]
[WhiteElo "1669"]
[BlackElo "1606"]
[Annotator "Paul,Hatchett"]
[PlyCount "122"]
[EventDate "2024.08.16"]

1. e4 e5 2. Nf3 Nc6 3. Nc3 Nf6 4. d4 exd4 5. Nxd4 Bb4 6. Nxc6 bxc6 7. Bd3 O-O 8. O-O Re8 9. Qf3 h6 10. a3 Bxc3 11. bxc3 Bb7 12. Re1 Rb8 13. e5 d6 14. Bxh6 dxe5 15. Qg3 Nh5 16. Qg4 Qd6 17. Qxh5 Qxh6 18. Rxe5 Qxh5 19. Rxh5 Ba8 20. Ra5 Rb7 21. Kf1 f6 22. Re1 Rxe1+ 23. Kxe1 Kf8 24. Rh5 Rb1+ 25. Kd2 Bb7 26. Rh8+ Kf7 27. Rb8 Rb6 28. a4 a5 29. Be4 Ke6 30. g4 Kd6 31. Rg8 g5 32. Rb8 Ba6 33. Ra8 c5 34. Kc1 Ke5 35. f3 Rd6 36. Ra7 Kf4 37. Rxc7 c4 38. Rc5 Ke3 39. Rxa5 Bc8 40. Rc5 Bxg4 41. fxg4 Kxe4 42. Rxc4+ Kf3 43. Rd4 Rc6 44. Rd3+ Kxg4 45. Rg3+ Kf4 46. Kb2 f5 47. Kb3 Rb6+ 48. Kc4 Rb2 49. Rg2 g4 50. Rf2+ Ke4 51. Re2+ Kf3 52. Kd3 Ra2 53. Re1 Rxa4 54. Rf1+ Kg2 55. Rxf5 Kxh2 56. Rh5+ Kg2 57. Rg5 g3 58. Ke3 Rc4 59. Kd3 Rf4 60. Ke3 Rf3+ 61. Kd2 Kf2 {Time} 0-1

[Event "2024 Newport Major"]
[Site "Newport"]
[Date "2024.08.16"]
[Round "1.2"]
[White "Sharhorodsky, Yaroslav"]
[Black "Shek, Daniel"]
[Result "1-0"]
[WhiteElo "1704"]
[BlackElo "1872"]
[PlyCount "137"]
[EventDate "2024.08.16"]

1. e4 c5 2. Nf3 Nc6 3. d4 cxd4 4. Nxd4 d6 5. c4 Nf6 6. Nc3 e5 7. Nc2 Be7 8. Be2 Be6 9. Ne3 Rc8 10. Ned5 O-O 11. Be3 Na5 12. Bxa7 Bxd5 13. cxd5 Rxc3 14. bxc3 Qc7 15. Rb1 b5 16. Be3 Nxe4 17. Qd3 Nxc3 18. Rc1 Rc8 19. Bd2 b4 20. Bg4 Qc4 21. Be2 Qxa2 22. Bxc3 bxc3 23. O-O c2 24. Bd1 g6 25. Rxc2 Rxc2 26. Bxc2 Nc4 27. Bb3 Nb2 28. Qb5 Qa3 29. Qe8+ Bf8 30. Qb5 Kg7 31. Rb1 e4 32. Bc2 Nd3 33. Bxd3 exd3 34. Rd1 d2 35. Qe2 Qc1 36. Qxd2 Qxd2 37. Rxd2 Kf6 38. Re2 Bh6 39. g3 Bc1 40. Kg2 Kf5 41. Kf3 h5 42. Re7 Kf6 43. Re1 Bd2 44. Re2 Bc1 45. Ke4 g5 46. Rc2 Ba3 47. f4 gxf4 48. Kxf4 Bc5 49. Re2 Ba3 50. Re8 Bc1+ 51. Ke4 Kg6 52. Rg8+ Kf6 53. h4 Bd2 54. Kd3 Bc1 55. Rc8 Bb2 56. Rc2 Be5 57. Rf2+ Kg6 58. Rf3 f5 59. Rf4 Kf6 60. Kc4 Bb2 61. Kb5 Ke5 62. Kc6 Bc1 63. Ra4 Be3 64. Ra8 Bf2 65. Re8+ Kf6 66. Rg8 Ke5 67. Rg6 Bc5 68. Re6+ Kd4 69. Rxd6 1-0

[Event "2024 Newport Major"]
[Site "Newport"]
[Date "2024.08.16"]
[Round "1.3"]
[White "Faulkner, David J"]
[Black "Mckenna, Joshua"]
[Result "1/2-1/2"]
[WhiteElo "1871"]
[BlackElo "1701"]
[PlyCount "47"]
[EventDate "2024.08.16"]

1. Nf3 Nf6 2. g3 d5 3. Bg2 c5 4. O-O Nc6 5. d4 e6 6. c4 dxc4 7. Ne5 Nxe5 8. dxe5 Qxd1 9. Rxd1 Nd7 10. f4 Rb8 11. a4 a5 12. Na3 Be7 13. Nxc4 O-O 14. Nxa5 Nb6 15. b3 Rd8 16. Rxd8+ Bxd8 17. Nc4 Nxc4 18. bxc4 Ba5 19. Be3 b6 20. Bc6 Ba6 21. Bb5 Bb7 22. Rd1 h5 23. Kf2 g6 24. Rd7 1/2-1/2

[Event "2024 Newport Major"]
[Site "Newport"]
[Date "2024.08.16"]
[Round "1.4"]
[White "Prabhu, Vismith"]
[Black "Little, Cameron"]
[Result "1-0"]
[WhiteElo "1674"]
[BlackElo "1840"]
[PlyCount "61"]
[EventDate "2024.08.16"]

1. d4 e6 2. c4 f5 3. g3 Nf6 4. Bg2 Be7 5. Nf3 O-O 6. O-O d6 7. Nc3 a6 8. b3 Qe8 9. Bb2 Qh5 10. Qc2 Nbd7 11. e4 f4 12. gxf4 Ng4 13. Ne2 e5 14. Ng3 Qg6 15. f5 Qe8 16. dxe5 Ndxe5 17. Nxe5 Nxe5 18. f4 Nc6 19. Bf3 Bf6 20. Rad1 Nb4 21. Qd2 a5 22. a3 Nc6 23. Kh1 Bxb2 24. Qxb2 Qf7 25. Nh5 Kh8 26. Rg1 Rg8 27. Rxg7 Rxg7 28. Rg1 Ne5 29. Rxg7 Qe8 30. fxe5 dxe5 31. Nf6 1-0

[Event "2024 Newport Major"]
[Site "Newport"]
[Date "2024.08.16"]
[Round "1.5"]
[White "Zografos, Lef"]
[Black "Bourne, Patrick"]
[Result "1-0"]
[WhiteElo "1834"]
[BlackElo "1670"]
[PlyCount "91"]
[EventDate "2024.08.16"]

1. e4 d5 2. exd5 Qxd5 3. Nc3 Qa5 4. d4 Nf6 5. Bd2 c6 6. Bc4 Bf5 7. Qe2 e6 8. Nf3 Be7 9. Nd5 Qd8 10. Nxe7 Qxe7 11. O-O-O Nbd7 12. Bd3 Bxd3 13. Qxd3 O-O 14. Ne5 a5 15. h4 Rfd8 16. Qe2 a4 17. a3 c5 18. Nxd7 Rxd7 19. dxc5 Qxc5 20. Bb4 Rxd1+ 21. Rxd1 Qc6 22. Qd2 h6 23. g3 Rc8 24. Re1 Nd5 25. Re2 Nxb4 26. Qxb4 Rd8 27. Qe4 Qd7 28. Qh1 b5 29. Qe1 Qc6 30. Rd2 Rd5 31. Rxd5 Qxd5 32. Qd2 Qc5 33. Kb1 Qf5 34. Qd8+ Kh7 35. Qd3 Kg6 36. Qxf5+ Kxf5 37. b3 Ke4 38. c4 bxc4 39. bxa4 Kd5 40. Kc2 e5 41. Kc3 Kc5 42. a5 g5 43. a6 Kb6 44. Kxc4 f5 45. hxg5 hxg5 46. Kd5 1-0

[Event "2024 Newport Major"]
[Site "Newport"]
[Date "2024.08.16"]
[Round "1.6"]
[White "Holland, Lyn"]
[Black "Hannigan, Jack"]
[Result "0-1"]
[WhiteElo "1669"]
[BlackElo "1824"]
[PlyCount "82"]
[EventDate "2024.08.16"]

1. e4 e6 2. d4 d5 3. e5 c5 4. c3 Nc6 5. Nf3 Bd7 6. Bd3 Qb6 7. Bc2 cxd4 8. cxd4 Rc8 9. a3 Nge7 10. Nc3 Nf5 11. Ne2 Na5 12. b3 Bb5 13. Nc3 Rxc3 14. Bg5 Rc8 15. a4 Bd7 16. O-O Be7 17. Bxe7 Nxe7 18. Re1 Nf5 19. Rc1 Nc6 20. Bxf5 exf5 21. Rc5 Be6 22. Re3 h6 23. Rec3 O-O 24. h4 Na5 25. Qc2 Rxc5 26. Rxc5 Nc6 27. Rb5 Qc7 28. Rc5 Qd7 29. Qc3 Rc8 30. Nd2 Ne7 31. f4 b6 32. Rxc8+ Qxc8 33. Qb2 Bd7 34. Nb1 a5 35. Nc3 Qa6 36. Qd2 Qb7 37. Kf2 b5 38. axb5 Bxb5 39. Qa2 Qb6 40. Ke3 Nc6 41. Qd2 Ba6 0-1

[Event "2024 Newport Major"]
[Site "Newport"]
[Date "2024.08.16"]
[Round "1.8"]
[White "Peters, Chris"]
[Black "Di-Vetta, Andrew"]
[Result "0-1"]
[WhiteElo "1661"]
[BlackElo "1798"]
[PlyCount "61"]
[EventDate "2024.08.16"]

1. e4 c5 2. Nf3 Nc6 3. Bc4 d6 4. d3 g6 5. Nc3 Bg7 6. O-O Nf6 7. Bg5 h6 8. Be3 O-O 9. Qd2 Ng4 10. h3 Nxe3 11. fxe3 Na5 12. Bb3 Nxb3 13. axb3 Bd7 14. d4 Kh7 15. e5 cxd4 16. exd4 dxe5 17. Ne4 exd4 18. Ra5 Bc6 19. Neg5+ hxg5 20. Nxg5+ Kg8 21. Qf4 Qxa5 22. Qh4 Qxg5 23. Qxg5 Bf6 24. Qg3 Be4 25. h4 Bxc2 26. h5 g5 27. Rf4 Kh7 28. Rf2 d3 29. Rxc2 dxc2 30. Qd3+ Kh6 31. Qxc2 0-1

[Event "2024 Newport Major"]
[Site "Newport"]
[Date "2024.08.16"]
[Round "1.9"]
[White "McGeeney, David"]
[Black "Williams, James L"]
[Result "1-0"]
[WhiteElo "1780"]
[BlackElo "1659"]
[PlyCount "37"]
[EventDate "2024.08.16"]

1. e4 d5 2. exd5 Qxd5 3. Nc3 Qa5 4. Qf3 Nf6 5. Bc4 c6 6. d3 Bg4 7. Qg3 Nbd7 8. h3 Bh5 9. Bd2 Qb6 10. Bb3 Bg6 11. Na4 Qb5 12. Nf3 c5 13. Nc3 Qc6 14. Ne5 Nxe5 15. Ba4 Qxa4 16. Nxa4 Nc6 17. Qc7 Rb8 18. Nxc5 e6 19. Nxb7 1-0

[Event "2024 Newport Major"]
[Site "Newport"]
[Date "2024.08.16"]
[Round "1.10"]
[White "Cuthbert, Larissa"]
[Black "Parri, Deio"]
[Result "1-0"]
[WhiteElo "1639"]
[BlackElo "1774"]
[PlyCount "45"]
[EventDate "2024.08.16"]

1. d4 d5 2. c4 c6 3. Nc3 Nf6 4. cxd5 cxd5 5. Bf4 e6 6. e3 Bb4 7. Bxb8 Rxb8 8. Qa4+ Bd7 9. Qxb4 a5 10. Qd6 b5 11. Bd3 Rb6 12. Qg3 O-O 13. Nf3 b4 14. Ne2 Ne4 15. Bxe4 dxe4 16. Nd2 f5 17. O-O Bb5 18. Rfe1 Kh8 19. Nf4 e5 20. Nh5 Rg6 21. Qxe5 Be8 22. Nf4 Rgf6 23. Ne6 1-0

[Event "2024 Newport Major"]
[Site "Newport"]
[Date "2024.08.16"]
[Round "1.11"]
[White "Thomas, Kevin"]
[Black "Emblem, Mark"]
[Result "1-0"]
[WhiteElo "1750"]
[BlackElo "1611"]
[PlyCount "73"]
[EventDate "2024.08.16"]

1. e4 d5 2. exd5 Qxd5 3. Nc3 Qd8 4. Bc4 Nf6 5. Nf3 Bg4 6. Ne5 Be6 7. Bxe6 fxe6 8. O-O Qd6 9. d4 Nc6 10. Nb5 Qd8 11. Bf4 Nd5 12. Bg3 a6 13. Nxc6 bxc6 14. Na3 Nb6 15. Qh5+ g6 16. Qe5 Rg8 17. Qxe6 Rg7 18. Qxc6+ Qd7 19. Qxc7 Qxc7 20. Bxc7 Nd5 21. Be5 Rf7 22. Nc4 Rc8 23. b3 Kd7 24. g3 Bg7 25. a4 Kc6 26. Rfe1 Rcf8 27. Bxg7 Rxg7 28. Re6+ Kb7 29. Rae1 Rff7 30. Na5+ Ka7 31. c4 Nc7 32. Rxe7 Kb6 33. Rxf7 Rxf7 34. b4 Rf8 35. d5 Ne8 36. Re7 h6 37. c5# 1-0

[Event "2024 Newport Major"]
[Site "Newport"]
[Date "2024.08.16"]
[Round "1.12"]
[White "Balfe, Andrew"]
[Black "Morgans, Justin"]
[Result "1-0"]
[WhiteElo "1606"]
[BlackElo "1747"]
[PlyCount "151"]
[EventDate "2024.08.16"]

1. e4 e5 2. Nf3 Nc6 3. Bb5 a6 4. Ba4 b5 5. Bb3 Be7 6. O-O Nf6 7. Re1 O-O 8. c3 d6 9. h3 Bb7 10. d4 exd4 11. cxd4 Na5 12. Bc2 c5 13. d5 Nc4 14. b3 Ne5 15. Nbd2 Nxf3+ 16. Nxf3 Nd7 17. Bb2 Bf6 18. Bxf6 Qxf6 19. Qd3 g6 20. Rac1 Rfe8 21. Qd2 Kg7 22. Nh2 h5 23. f4 Qd4+ 24. Qxd4+ cxd4 25. Nf3 d3 26. Bxd3 Rac8 27. Rxc8 Rxc8 28. Nd4 Rc3 29. Bb1 Nf6 30. Kh2 Ne8 31. g4 hxg4 32. hxg4 Nf6 33. Rg1 Bc8 34. f5 g5 35. Ne2 Re3 36. Ng3 Nxg4+ 37. Kg2 Ne5 38. Nh5+ Kf8 39. Kf2 Rf3+ 40. Ke2 g4 41. Rxg4 Rh3 42. Nf4 Rh2+ 43. Rg2 Rxg2+ 44. Nxg2 Ke7 45. Nf4 Bd7 46. Nh5 f6 47. Nf4 Kf7 48. Ne6 Ke7 49. Nc7 Bc8 50. Bd3 Nxd3 51. Kxd3 Kd7 52. Ne6 a5 53. a3 Ba6 54. Kc3 Kc8 55. b4 a4 56. Nf8 Kd8 57. Kd3 Ke7 58. Ne6 Kd7 59. Ke3 Bc8 60. Kf4 Ke7 61. Nc7 Bd7 62. Ne6 Be8 63. Kg4 Kd7 64. Ng7 Bf7 65. Ne6 Be8 66. Nd4 Kc7 67. Ne6+ Kd7 68. Nf8+ Ke7 69. Ng6+ Kf7 70. Kh5 Kg7 71. Kg4 Kf7 72. Nf4 Ke7 73. Ne6 Kd7 74. Kh4 Kc8 75. Ng7 Bf7 76. Nh5 1-0

[Event "2024 Newport Major"]
[Site "Newport"]
[Date "2024.08.16"]
[Round "1.13"]
[White "Bain, Oliver"]
[Black "Farani Sani, Hamid"]
[Result "0-1"]
[WhiteElo "1726"]
[BlackElo "1600"]
[PlyCount "66"]
[EventDate "2024.08.16"]

1. d4 c5 2. d5 Nf6 3. Nc3 d6 4. e4 g6 5. Nf3 Bg4 6. Be2 Bg7 7. h3 Bxf3 8. Bxf3 Qb6 9. O-O Nfd7 10. Qe2 a6 11. a4 O-O 12. Bd2 Ne5 13. Rfb1 Nbd7 14. Nd1 f5 15. exf5 Rxf5 16. Bg4 Nxg4 17. Qe6+ Kh8 18. hxg4 Nf8 19. Qe4 Re5 20. Qf3 Nd7 21. Ne3 Rf8 22. Qg3 Re4 23. f3 Be5 24. Qf2 c4 25. c3 Nc5 26. b4 Nd3 27. Qe2 Nf4 28. Qf2 Nd3 29. Qe2 Ref4 30. Kh1 R4f7 31. Nxc4 Qf2 32. Qxd3 Rxf3 33. Qxf3 Rxf3 0-1

[Event "2024 Newport Major"]
[Site "Newport"]
[Date "2024.08.16"]
[Round "1.14"]
[White "Williams, John A"]
[Black "Williams, David J"]
[Result "0-1"]
[WhiteElo "1593"]
[BlackElo "1723"]
[PlyCount "102"]
[EventDate "2024.08.16"]

1. b3 c5 2. Bb2 d5 3. e3 Nc6 4. Bb5 Qc7 5. f4 e6 6. Nf3 Nf6 7. O-O Bd7 8. d4 Be7 9. Nbd2 O-O 10. Ne5 a6 11. Bd3 cxd4 12. Bxd4 Nxd4 13. exd4 Qc3 14. Nxd7 Qxd4+ 15. Kh1 Nxd7 16. Qh5 g6 17. Qh3 Nc5 18. Nf3 Qg7 19. g4 Nxd3 20. cxd3 Rac8 21. Rac1 Ba3 22. Rxc8 Rxc8 23. f5 Rc1 24. Rxc1 Bxc1 25. fxe6 fxe6 26. g5 Qf7 27. d4 Qf5 28. Qg3 Bf4 29. Qe1 Qe4 30. Qc3 Qb1+ 31. Kg2 Qc1 32. Qa5 Qc7 33. Qa4 Kf7 34. Ne5+ Bxe5 35. dxe5 Qc2+ 36. Kg3 Qd3+ 37. Kf2 Qd2+ 38. Kf3 Qxg5 39. Qb4 Qe7 40. Qf4+ Kg7 41. Ke2 Qf7 42. Qb4 Qc7 43. Qf4 Qc2+ 44. Ke1 Qe4+ 45. Qxe4 dxe4 46. Ke2 g5 47. Ke3 Kg6 48. Kxe4 h5 49. b4 g4 50. Kf4 b6 51. a4 Kh6 0-1

[Event "2024 Newport Major"]
[Site "Newport"]
[Date "2024.08.16"]
[Round "1.16"]
[White "Saparovich, Mikhail"]
[Black "Jones, Jeremy"]
[Result "0-1"]
[WhiteElo "1400"]
[BlackElo "1713"]
[PlyCount "106"]
[EventDate "2024.08.16"]

1. d4 d5 2. Nc3 Nf6 3. Bf4 Bf5 4. Nb5 Na6 5. e3 c6 6. Nc3 e6 7. Bxa6 bxa6 8. a3 Bd6 9. Bg5 h6 10. Bh4 Be7 11. Nf3 O-O 12. Ne5 Rc8 13. Qe2 c5 14. Qxa6 cxd4 15. exd4 Qb6 16. Qxb6 axb6 17. Bxf6 gxf6 18. Nd7 Rfd8 19. Nxb6 Rb8 20. Nba4 Bxc2 21. O-O Bb3 22. Rfe1 f5 23. Ne2 Bxa4 24. b4 Rdc8 25. Rac1 Bb3 26. f3 Ra8 27. Rxc8+ Rxc8 28. Rc1 Rxc1+ 29. Nxc1 Bc4 30. Kf2 Kf8 31. Ke3 Bg5+ 32. f4 Be7 33. Nd3 Bxd3 34. Kxd3 Ke8 35. Kc3 Kd7 36. g3 h5 37. h4 f6 38. Kd3 Bd6 39. Kc3 e5 40. a4 exf4 41. gxf4 Bxf4 42. b5 Bg3 43. a5 Be1+ 44. Kd3 Bxa5 45. Ke3 Be1 46. Kf4 Bxh4 47. Kxf5 Bg5 48. b6 Kc6 49. b7 Kxb7 50. Ke6 Kc6 51. Kf5 h4 52. Kg4 Kb5 53. Kf3 Kc4 0-1

[Event "2024 Newport Major"]
[Site "Newport"]
[Date "2024.08.17"]
[Round "2.1"]
[White "Jones, Jeremy"]
[Black "Thomas, Mark"]
[Result "0-1"]
[WhiteElo "1713"]
[BlackElo "1896"]
[PlyCount "80"]
[EventDate "2024.08.16"]

1. d4 g6 2. c4 Bg7 3. Nc3 Nf6 4. e4 d6 5. Nf3 O-O 6. Be2 e5 7. dxe5 dxe5 8. O-O Nc6 9. Bg5 Bg4 10. Nd5 Bxf3 11. Bxf3 Nd4 12. Nxf6+ Bxf6 13. Bxf6 Qxf6 14. Qd3 Rfd8 15. Qc3 Qxf3 16. Qxf3 Nxf3+ 17. gxf3 Rd2 18. b3 Rad8 19. Rfe1 Kg7 20. Kf1 Kf6 21. Re2 Kg5 22. Rxd2 Rxd2 23. Ke1 Rd4 24. Ke2 Kf4 25. Rg1 h5 26. Rc1 f5 27. exf5 Kxf5 28. Ke3 c5 29. Rg1 g5 30. Re1 e4 31. Rg1 Rd3+ 32. Ke2 Rxf3 33. Rd1 Rd3 34. Rxd3 exd3+ 35. Kxd3 Kf4 36. Ke2 g4 37. Kf1 Kf3 38. Kg1 h4 39. a3 a5 40. b4 cxb4 0-1

[Event "2024 Newport Major"]
[Site "Newport"]
[Date "2024.08.17"]
[Round "2.2"]
[White "Farani Sani, Hamid"]
[Black "Zografos, Lef"]
[Result "0-1"]
[WhiteElo "1600"]
[BlackElo "1834"]
[PlyCount "96"]
[EventDate "2024.08.16"]

1. f4 d5 2. e3 g6 3. c3 Bg7 4. Nf3 Nf6 5. d4 Bf5 6. Qb3 b6 7. Ne5 O-O 8. h3 Qd6 9. Na3 c6 10. Bd2 Ne4 11. g4 Ng3 12. Rg1 Nxf1 13. gxf5 Nxd2 14. Kxd2 Nd7 15. Qc2 Nxe5 16. dxe5 Qd7 17. e6 fxe6 18. fxg6 h6 19. Raf1 Rf5 20. Kc1 Raf8 21. Qe2 e5 22. fxe5 Rxf1+ 23. Rxf1 Rxf1+ 24. Qxf1 Qe6 25. Qg2 Bxe5 26. h4 Bf6 27. h5 Qxe3+ 28. Qd2 Qxd2+ 29. Kxd2 e5 30. Nc2 Bg5+ 31. Kd3 c5 32. c4 e4+ 33. Ke2 d4 34. Ne1 Bf6 35. b3 Kf8 36. Kf2 Ke7 37. Ng2 Ke6 38. Nf4+ Kf5 39. Nd5 Bh8 40. Kg3 Kg5 41. Nf4 d3 42. g7 Bxg7 43. Ne6+ Kf6 44. Nf4 Kf5 45. Ng2 Ke5 46. Ne3 Kd4 47. Nf5+ Kc3 48. Nxg7 d2 0-1

[Event "2024 Newport Major"]
[Site "Newport"]
[Date "2024.08.17"]
[Round "2.3"]
[White "Hannigan, Jack"]
[Black "Sharhorodsky, Yaroslav"]
[Result "1-0"]
[WhiteElo "1824"]
[BlackElo "1704"]
[PlyCount "43"]
[EventDate "2024.08.16"]

1. e4 c6 2. Nc3 d5 3. Nf3 dxe4 4. Nxe4 Nd7 5. Bc4 e6 6. d4 Ngf6 7. Ng3 b5 8. Bd3 c5 9. O-O c4 10. Be2 Bb7 11. b3 Nb6 12. a4 bxa4 13. bxc4 Bxf3 14. Bxf3 Rc8 15. c5 Nbd5 16. Qd3 Qa5 17. Bd2 Qc7 18. Qb5+ Qd7 19. Qxa4 Bxc5 20. Qxd7+ Kxd7 21. dxc5 Rxc5 22. Rxa7+ 1-0

[Event "2024 Newport Major"]
[Site "Newport"]
[Date "2024.08.17"]
[Round "2.4"]
[White "Di-Vetta, Andrew"]
[Black "Prabhu, Vismith"]
[Result "0-1"]
[WhiteElo "1798"]
[BlackElo "1674"]
[PlyCount "116"]
[EventDate "2024.08.16"]

1. e4 c6 2. Nf3 d5 3. Nc3 dxe4 4. Nxe4 Nf6 5. Nxf6+ exf6 6. d4 Bd6 7. Be3 O-O 8. Qd2 Re8 9. Bd3 Nd7 10. O-O-O Nf8 11. h3 Be6 12. c4 Qc7 13. c5 Be7 14. Bf4 Qd7 15. Bb1 Bf5 16. Rhe1 Bxb1 17. Kxb1 Ng6 18. Bg3 Bf8 19. Qc2 Ne7 20. Bd6 Nd5 21. Bxf8 Rxf8 22. Nd2 Nb4 23. Qc4 Qf5+ 24. Ne4 Rfe8 25. f3 Nd5 26. Ka1 Qe6 27. Re2 Nf4 28. Qxe6 Rxe6 29. Red2 Rae8 30. a3 b5 31. Nd6 R8e7 32. Nf5 Rd7 33. h4 g6 34. Nd6 Nd5 35. Ka2 Rde7 36. g3 Re3 37. Rd3 Rxd3 38. Rxd3 Re3 39. Rxe3 Nxe3 40. Kb3 Kf8 41. Kc3 Nd5+ 42. Kd3 f5 43. h5 a6 44. Nc8 gxh5 45. Na7 f4 46. gxf4 h4 47. Nxc6 h3 48. Ke4 h2 49. Kxd5 h1=Q 50. Ne5 Qh3 51. c6 Qe6+ 52. Kc5 Ke7 53. Kb6 f6 54. Nd7 Qxd7 55. cxd7 Kxd7 56. Kxa6 h5 57. Kxb5 h4 58. Kc5 h3 0-1

[Event "2024 Newport Major"]
[Site "Newport"]
[Date "2024.08.17"]
[Round "2.5"]
[White "Daniel, Elijah"]
[Black "Thomas, Kevin"]
[Result "0-1"]
[WhiteElo "1392"]
[BlackElo "1750"]
[PlyCount "50"]
[EventDate "2024.08.16"]

1. d4 Nf6 2. Bg5 g6 3. e3 Bg7 4. Nf3 O-O 5. c3 d6 6. Bd3 c5 7. Nbd2 a6 8. e4 cxd4 9. cxd4 Bg4 10. h3 Bxf3 11. Nxf3 Nc6 12. Qd2 Nd7 13. Bh6 Qb6 14. Bxg7 Kxg7 15. Qc3 Rac8 16. Rc1 Nce5 17. Qxc8 Rxc8 18. Rxc8 Nxd3+ 19. Ke2 Nf4+ 20. Kf1 Qxb2 21. Kg1 Nf6 22. Kh2 Qxf2 23. Rg1 Nxe4 24. Rcc1 Qg3+ 25. Kh1 Nf2# 0-1

[Event "2024 Newport Major"]
[Site "Newport"]
[Date "2024.08.17"]
[Round "2.6"]
[White "Williams, David J"]
[Black "Cuthbert, Larissa"]
[Result "1/2-1/2"]
[WhiteElo "1723"]
[BlackElo "1639"]
[PlyCount "101"]
[EventDate "2024.08.16"]

1. d4 Nf6 2. Nf3 e6 3. Bg5 d5 4. Nbd2 c5 5. e4 Be7 6. e5 Nfd7 7. Bxe7 Qxe7 8. c3 Nc6 9. Be2 f6 10. exf6 Nxf6 11. O-O Bd7 12. Re1 O-O-O 13. Bb5 h5 14. Bxc6 Bxc6 15. Qe2 Rde8 16. Ne5 Qc7 17. b4 c4 18. a4 Nd7 19. Ndf3 Nf6 20. b5 Bd7 21. Ng5 Ng4 22. Ngf3 Rh6 23. Nxd7 Kxd7 24. Ne5+ Nxe5 25. Qxe5 Qxe5 26. Rxe5 Rf8 27. Rg5 Rf7 28. Re1 Rhf6 29. f3 h4 30. h3 Rf5 31. Re5 Rxe5 32. dxe5 Kd8 33. Kf2 a6 34. Ke3 axb5 35. axb5 Kc7 36. Rg6 Re7 37. Rg4 Kb6 38. Rxh4 Kxb5 39. Rd4 Rf7 40. h4 Kc5 41. Rd1 b5 42. f4 g6 43. g3 Ra7 44. g4 Rh7 45. Rh1 b4 46. cxb4+ Kxb4 47. h5 gxh5 48. Rxh5 Ra7 49. Rh1 Ra3+ 50. Kd2 d4 51. Rh8 1/2-1/2

[Event "2024 Newport Major"]
[Site "Newport"]
[Date "2024.08.17"]
[Round "2.7"]
[White "Forsey, Tomas"]
[Black "Balfe, Andrew"]
[Result "1-0"]
[WhiteElo "1713"]
[BlackElo "1606"]
[PlyCount "89"]
[EventDate "2024.08.16"]

1. c4 e5 2. g3 Nf6 3. Bg2 g6 4. Nc3 Bg7 5. e4 O-O 6. Nge2 Nc6 7. O-O d6 8. h3 Be6 9. d3 Qd7 10. Kh2 Ne7 11. Nd5 Kh8 12. Bg5 Bxd5 13. cxd5 Nfg8 14. Qb3 f6 15. Be3 b6 16. Rac1 f5 17. Rc2 h6 18. f4 Nf6 19. Rfc1 Rac8 20. Qa3 c5 21. dxc6 Rxc6 22. Rxc6 Nxc6 23. Qa4 Ne7 24. Qxd7 Nxd7 25. Rc7 Rd8 26. Rxa7 exf4 27. Nxf4 Nc6 28. Rc7 Ncb8 29. Ne6 Re8 30. Nxg7 Kxg7 31. Bxb6 Kf6 32. Bd4+ Ne5 33. Rb7 Nbc6 34. Bc3 Rc8 35. Rb6 Ke6 36. exf5+ gxf5 37. d4 Nxd4 38. Bxd4 Rc2 39. Bxe5 Kxe5 40. Rb5+ d5 41. Rxd5+ Ke6 42. Rb5 Rf2 43. a4 f4 44. gxf4 Rxf4 45. b4 1-0

[Event "2024 Newport Major"]
[Site "Newport"]
[Date "2024.08.17"]
[Round "2.8"]
[White "Thom, Cash"]
[Black "Faulkner, David J"]
[Result "1/2-1/2"]
[WhiteElo "1720"]
[BlackElo "1871"]
[PlyCount "90"]
[EventDate "2024.08.16"]

1. d4 Nf6 2. Nc3 d6 3. e4 g6 4. Bg5 h6 5. Bf4 c6 6. Nf3 b5 7. a3 Nbd7 8. Qd2 g5 9. Bg3 Nh5 10. e5 Nxg3 11. hxg3 Bg7 12. exd6 exd6 13. Ne4 Nf6 14. Bd3 Nxe4 15. Bxe4 Bd7 16. O-O-O O-O 17. Nxg5 f5 18. Bxc6 Bxc6 19. Ne6 Qf6 20. Nxf8 Kxf8 21. Qf4 Qg5 22. f3 Kf7 23. d5 Bb7 24. Qxg5 hxg5 25. Rhe1 Rc8 26. Re6 Bxd5 27. Rxd6 Be6 28. Re1 Re8 29. c3 Bf8 30. Rc6 Re7 31. b4 Bc4 32. Rxe7+ Bxe7 33. Rc7 Bf1 34. Rxa7 Bxg2 35. f4 gxf4 36. gxf4 Ke6 37. Kd2 Bd6 38. Ke3 Kd5 39. a4 bxa4 40. Rxa4 Kc4 41. Ra6 Be7 42. Ra7 Bh4 43. Rc7+ Kb5 44. Kd4 Bf6+ 45. Ke3 Be4 1/2-1/2

[Event "2024 Newport Major"]
[Site "Newport"]
[Date "2024.08.17"]
[Round "2.9"]
[White "Gale, Michael"]
[Black "Jones, Steve"]
[Result "1-0"]
[WhiteElo "1715"]
[BlackElo "1812"]
[PlyCount "99"]
[EventDate "2024.08.16"]

1. e4 b6 2. d4 Bb7 3. Nc3 e6 4. Nf3 Bb4 5. Bd3 Nf6 6. Qe2 d5 7. exd5 Qxd5 8. Bd2 Bxc3 9. Bxc3 Qh5 10. O-O-O Nbd7 11. Ne5 Qxe2 12. Bxe2 Nxe5 13. dxe5 Nd5 14. Bd2 O-O-O 15. Rhe1 h6 16. c4 Ne7 17. g4 Nc6 18. Bc3 g5 19. b4 Ne7 20. Bd4 Rd7 21. c5 Nd5 22. Bb5 c6 23. Bc4 b5 24. Bxd5 Rxd5 25. Bc3 Rhd8 26. Rxd5 cxd5 27. Bd4 Kd7 28. Re3 Kc6 29. Rf3 Rf8 30. Rf6 h5 31. gxh5 Rh8 32. h6 Rh7 33. Kd2 a5 34. a3 axb4 35. axb4 Bc8 36. Ke3 Bd7 37. Kf3 Be8 38. Kg4 Rh8 39. Kh5 Kc7 40. Kxg5 Rh7 41. Rf3 Kb7 42. Rh3 Kc7 43. Kf6 Kd7 44. Be3 d4 45. Bxd4 Kc6 46. Be3 Kd5 47. Rg3 Ke4 48. Rg7 Rh8 49. h7 Bc6 50. Rxf7 1-0

[Event "2024 Newport Major"]
[Site "Newport"]
[Date "2024.08.17"]
[Round "2.10"]
[White "Norris, David"]
[Black "Rovaretti, David"]
[Result "1-0"]
[WhiteElo "1713"]
[BlackElo "1778"]
[PlyCount "53"]
[EventDate "2024.08.16"]

1. e4 e5 2. Nf3 Nc6 3. Bb5 Nf6 4. Nc3 d6 5. d4 exd4 6. Nxd4 Bd7 7. O-O Ne5 8. Bxd7+ Qxd7 9. Bf4 Ng6 10. Bg3 h5 11. h3 O-O-O 12. Qd3 Ne5 13. Qe2 Nc6 14. Nb3 Re8 15. Rad1 h4 16. Nc5 Qe7 17. Nxb7 hxg3 18. Qa6 Kb8 19. Qxc6 Qd7 20. Qa6 Re5 21. Na5 Rxa5 22. Qxa5 Rh5 23. e5 gxf2+ 24. Rxf2 Nh7 25. Nb5 c5 26. Rxf7 Qxf7 27. Qd8+ 1-0